Normal view
MARC view
- CAROE, OLAF
Entry Personal Name
001 - CONTROL NUMBER
- control field: 76629
003 - CONTROL NUMBER IDENTIFIER
- control field: NUST
005 - DATE AND TIME OF LATEST TRANSACTION
- control field: 20210628205659.0
008 - FIXED-LENGTH DATA ELEMENTS
- fixed length control field: 210628|| aca||aabn | a|a d
040 ## - CATALOGING SOURCE
- Original cataloging agency: NUST
- Transcribing agency: NUST
100 ## - HEADING--PERSONAL NAME
- Personal name: CAROE, OLAF
670 ## - SOURCE DATA FOUND
- Source citation: Work cat.: (NUST): CAROE, OLAF, THE PATHANS 550 BC A.D 1957, 1976
